书目信息 |
| 题名: |
建筑结构
|
|
| 作者: | 皮净灵 , 冯新红 , 罗方 主编 | |
| 分册: | ||
| 出版信息: | 长沙 中南大学出版社 2014 |
|
| 页数: | 328页 | |
| 开本: | 26cm | |
| 丛书名: | ||
| 单 册: | ||
| 中图分类: | TU3 | |
| 科图分类: | ||
| 主题词: | 建筑结构 , 建筑结构--高等职业教育--教材 | |
| 电子资源: | ||
| ISBN: | 978-7-5487-1041-7 | |
| 000 | 01194nam0 2200265 450 | |
| 001 | 142461 | |
| 005 | 20141221134547.56 | |
| 010 | @a978-7-5487-1041-7@dCNY 47.00 | |
| 100 | @a20140512d2014 em y0chiy50 ea | |
| 101 | 0 | @achi |
| 102 | @aCN@b430000 | |
| 105 | @aa z 000yy | |
| 200 | 1 | @a建筑结构@9jian zhu jie gou@b专著@f罗方,皮净灵,冯新红主编 |
| 210 | @a长沙@c中南大学出版社@d2014 | |
| 215 | @a328页@c图@d26cm | |
| 300 | @a全国高等职业教育创新型“十二五”重点规划教材 | |
| 330 | @a本书共分4个模块11个项目,模块一为钢筋混凝土结构,包括钢筋混凝土结构材料、肋梁楼盖设计、钢筋混凝土柱设计以及混凝土结构的适用性何耐久性四个项目;模块二为多高层建筑结构及抗震,包括多高层建筑结构、建筑结构抗震两个项目;模块三为单层工业广房,主要为单层厂房结构的组成和结构构件布置以及单层厂房结构的构造要求等内容;模块四为砌体结构,包括砌体结构材料的选择、砌体结构分析、砌体结构构件设计以及砌体结构抗震设计四个项目。 | |
| 606 | 0 | @a建筑结构 |
| 606 | 0 | @a建筑结构@x高等职业教育@j教材 |
| 690 | @aTU3@v5 | |
| 701 | 0 | @a皮净灵@9pi jing ling@4主编 |
| 701 | 0 | @a冯新红@9feng xin hong@f(1978 )@4主编 |
| 701 | 0 | @a罗方@9luo fang@c(建筑工程)@4主编 |
| 801 | 0 | @aCN@bZL@c20141221 |
| 905 | @a241430@dTU3@eL932 | |
| 建筑结构/罗方,皮净灵,冯新红主编.-长沙:中南大学出版社,2014 |
| 328页:图;26cm |
| 全国高等职业教育创新型“十二五”重点规划教材 |
| ISBN 978-7-5487-1041-7:CNY 47.00 |
| 本书共分4个模块11个项目,模块一为钢筋混凝土结构,包括钢筋混凝土结构材料、肋梁楼盖设计、钢筋混凝土柱设计以及混凝土结构的适用性何耐久性四个项目;模块二为多高层建筑结构及抗震,包括多高层建筑结构、建筑结构抗震两个项目;模块三为单层工业广房,主要为单层厂房结构的组成和结构构件布置以及单层厂房结构的构造要求等内容;模块四为砌体结构,包括砌体结构材料的选择、砌体结构分析、砌体结构构件设计以及砌体结构抗震设计四个项目。 |
| ● |
| 相关链接 |
|
|
|
正题名:建筑结构
索取号:TU3/L932
 
预约/预借
| 序号 | 登录号 | 条形码 | 馆藏地/架位号 | 状态 | 备注 |
| 1 | 1134994 | 211349940 | 建筑库101/101建筑库 74排2列1层/ [索取号:TU3/L932] | 在馆 | |
| 2 | 1134995 | 211349959 | 建筑库101/101建筑库 74排2列1层/ [索取号:TU3/L932] | 在馆 | |
| 3 | 1134996 | 211349968 | 土木与交通工程学院资料室/101建筑库 39排5列4层/ [索取号:TU3/L932] | 在馆 |